000 01221cam a2200289 a 4500
001 76788
003 BD-RjUL
005 20211209082903.0
008 200120s1962 enk 00000 eng d
035 _a(BD-RjUL)
035 _a1036663
040 _aANL
_beng
_dANL
_cBD-RjUL
041 _aeng
082 0 _a822.009
_222
_bCON 1962 1968
245 0 0 _aContemporary theatre.
260 _aLondon :
_bEdward Arnold,
_c1962.1968
300 _a208 p. ;
_c23 cm.
490 1 _aStratford-upon-Avon studies ;
_v4
504 _aIncludes bibliographies.
505 0 _aContents.-- Two Romantics: Arnold Wesker and Harold Pinter, by C. Leech. -- Realism and parables: from Brecht to Arden, by G. W. Brandt. -- George Bernard Shaw, by A. R. Jones. -- Somewhat in a new dimension, by A. Nicoli. -- Verse and prose, by K. Muir. -- Back to the text, by R. D. Smith. -- Dipsychus among the shadows, by H. A. Smith. -- The Irish theatre. -- retrospect and premonition, by J. Jordan. -- Television drama, by J. L. Styan.
650 0 _aEnglish drama
_y20th century.
_9237912
830 0 _aStratford-upon-Avon studies ;
_v4.
_9237913
942 _2ddc
_cBK
999 _c76788
_d76788